🎶Paroles "Erika, Erika" Gilles Servat - Statistiques

Statistiques générales
  • Ce quiz a Ă©tĂ© pris 8 fois
  • Le rĂ©sultat moyen est 11 sur 212
Statistiques - réponses
Mots % Correct
Erika,
86%
a
57%
Ă 
57%
de
43%
achève
0%
affréteur
0%
amours
0%
armateur
0%
avaient
0%
avec
0%
bander
0%
beau
0%
beaucoup
0%
bénéfice
0%
bénévoles
0%
blindage
0%
c'
0%
capital
0%
cauchemar.
0%
"Ce
0%
Ce
0%
ces
0%
cette
0%
changé
0%
chez
0%
cirés
0%
coaltar.
0%
complaisance
0%
confiance
0%
couche
0%
dans
0%
des
0%
deux
0%
digne
0%
dollars
0%
du
0%
écrit
0%
En
0%
en
0%
enfance
0%
épargner
0%
équipage
0%
esclaves
0%
est
0%
Et
0%
était
0%
étendard
0%
faire
0%
fait
0%
fatal"
0%
fin
0%
grands
0%
hasard.
0%
hasard
0%
hasard (X2)
0%
hasard (X3)
0%
hommes
0%
humaine
0%
-îles
0%
îles
0%
irai
0%
Je
0%
je
0%
l'
0%
La
0%
la
0%
Le
0%
le
0%
Les
0%
les
0%
leurs
0%
lumière
0%
mémoires
0%
merde
0%
mille
0%
millénaire
0%
mise
0%
n'
0%
naufrage
0%
Naviguait
0%
noir
0%
nos
0%
on
0%
Ont
0%
par
0%
paroles
0%
part
0%
pas
0%
pavillon
0%
pelles
0%
phares
0%
plus,
0%
plus
0%
plutĂ´t
0%
poubelle
0%
pour
0%
Pour
0%
presqu' -
0%
progrès
0%
qu'
0%
Quelques
0%
quelques
0%
ramasse
0%
réputation
0%
rĂŞve
0%
Rien
0%
rivages
0%
rouille
0%
s'
0%
sable
0%
Salie
0%
Salis
0%
siècle
0%
Souillé
0%
Souillés
0%
sur
0%
Sur
0%
terre
0%
ton
0%
tonnes
0%
travail
0%
Un
0%
un
0%
Une
0%
une
0%
vacances
0%
vieille
0%
vingt-
0%
Aucun quiz correspondant
Distribution des résultats
% des personnes avec chaque résultat
Percentile par nombre de réponses
Votre historique - résultats
Vous n’avez pas pris ce quiz